| 000 | 00934cam a22002658a 4500 | ||
|---|---|---|---|
| 001 | 15105956 | ||
| 005 | 20161108112053.0 | ||
| 008 | 071207s2008 nju | 001 0 eng d | ||
| 010 | _a 2007050162 | ||
| 020 | _a9780470036341 (cloth) | ||
| 040 |
_aDLC _cDLC _dDLC |
||
| 050 | 0 | 0 |
_aTK7871.6 _b.B354 2008 |
| 082 | 0 | 0 |
_a621.3824 _222 _bANT |
| 100 | 1 |
_98917 _aBalanis, Constantine A., _d1938- |
|
| 245 | 1 | 0 |
_aModern Antenna Handbook / _cConstantine Balanis. |
| 260 |
_aHoboken, NJ : _bJ. Wiley & Sons, _c2008. |
||
| 263 | _a0808 | ||
| 300 |
_a1680p.: _bill.; _c25 cm. |
||
| 500 | _aIncludes index. | ||
| 650 | 0 |
_aAntennas (Electronics) _98918 |
|
| 856 | 4 | 2 |
_3Publisher description _uhttp://www.loc.gov/catdir/enhancements/fy0810/2007050162-d.html |
| 856 | 4 | 1 |
_3Table of contents only _uhttp://www.loc.gov/catdir/enhancements/fy0810/2007050162-t.html |
| 942 |
_2ddc _cNB |
||
| 999 |
_c12803 _d12803 |
||